Vista normal Vista MARC

Entrada Topical Term

Número de registros utilizados en: 2

001 - CONTROL NUMBER

  • control field: 42709

003 - CONTROL NUMBER IDENTIFIER

  • control field: OSt

005 - DATE AND TIME OF LATEST TRANSACTION

  • control field: 20230228132525.0

008 - FIXED-LENGTH DATA ELEMENTS

  • fixed length control field: 230228|| aca||aabn | a|a d

040 ## - CATALOGING SOURCE

  • Original cataloging agency: OSt
  • Transcribing agency: OSt

150 ## - HEADING--TOPICAL TERM

  • Topical term or geographic name entry element: Sentimientos
  • Form subdivision: Historia

670 ## - SOURCE DATA FOUND

  • Source citation: Work cat.: (OSt)30013: Rothfuss, Patrick, autor 42701, El nombre del viento : , 2014